000 01372nam a2200289 a 4500
003 BLK
005 20250107141302.0
007 ta
008 210413b bu |||||r|||| 00| | bu d
040 _aBLK
041 _aBUL
_aHEL
_cBUL
080 _aСтарогръцки език
_b811.142
_x`36(075.8)
_z811.142`36(075.8)
084 _aТ 64
100 1 _9129110
_aТодоранова, Василена Стайкова
245 _aУчебник по старогръцки език :
_bза студентите българисти от СУ Климент Охридски
_cВасилена Тодоранова.
250 _a2. прераб. изд.
260 _aСофия
_bУнив. изд. Св. Климент Охридски
_c1991
_9209716
300 _a131 с.
_bс табл.
_c21 см
380 _a80
500 _a1. изд. 1985 г. на изд. Наука и изкуство. - Офс. изд. - Учебникът съдържа старогръцко-български и българско-старогръцки речник.
650 0 _9253994
_aСтарогръцки език - учебници за ВУЗ
852 _bП
_c811/Т 64 В
856 _i0.00
_ldisable
942 _cKNG
_n0
_s1
944 _a30540
_cСевдалина Тодорова
_k30540
_lСевдалина Тодорова
999 _c524606
_d524606